Statistiques concernant QUIZ-Capitales d'Asie avec les noms des pays

Cliquez ici pour prendre le quiz!

Statistiques générales

  • Ce quiz a été pris 95 fois
  • Le résultat moyen est 33 sur 48

Statistiques - réponses

HintRéponse% Correct
ChinePékin
91%
IndeNew Delhi
90%
Corée du SudSéoul
89%
JaponTokyo
89%
TurquieAnkara
86%
IrakBagdad
84%
IsraëlJérusalem
84%
IndonésieJakarta
83%
AfghanistanKaboul
83%
IranTéhéran
83%
KoweïtKoweït
81%
ChypreNicosie
81%
Arabie saouditeRiyad
81%
PakistanIslamabad
80%
Corée du NordPyongyang
80%
LibanBeyrouth
77%
SyrieDamas
77%
ArménieErevan
77%
Emirats Arabes UnisAbu Dhabi
76%
ThaïlandeBangkok
76%
SingapourSingapour
76%
MongolieOulan-Bator
74%
QatarDoha
73%
PhilippinesManille
71%
TaïwanTaipei
71%
AzerbaïdjanBakou
70%
VietnamHanoï
70%
NépalKatmandou
70%
YémenSanaa
70%
BangladeshDacca
67%
JordanieAmman
66%
GéorgieTbilissi
66%
MalaisieKuala Lumpur
64%
LaosVientiane
63%
KirghizistanBichkek
61%
CambodgePhnom Penh
61%
MaldivesMalé
60%
KazakhstanNoursoultan
60%
OuzbékistanTachkent
59%
BahreïnManama
57%
OmanMascate
57%
TurkménistanAchgabat
50%
Timor OrientalDili
50%
BhoutanThimphou
50%
TadjikistanDouchanbé
49%
Brunéi DarussalamBandar Seri Begawan
39%
BirmanieNay Pyi Taw/Naypyidaw
37%
Sri LankaSri Jayawardenapura Kotte
29%

Distribution des résultats

Percentile par nombre de réponses

% des personnes avec chaque résultat

Votre développement - résultats

Vous n’avez pas pris ce quiz